Members of TXT by Picture - Statistics

General Stats
  • This quiz has been taken 1,889 times
  • The average score is 5 of 5
Answer Stats
Picture Answer % Correct
Soobin
99%
Huening Kai
97%
Beomgyu
93%
Taehyun
90%
Yeonjun
90%
No matching quizzes found
Score Distribution
Percent of People with Each Score
Percentile by Number Answered
Your Score History
You have not taken this quiz